|
|
|
|
| LEADER |
00000nab a2200000 a 4500 |
| 001 |
vtls000803422 |
| 003 |
SK-MaSNL |
| 005 |
20260426073919.0 |
| 008 |
180205c2002 xo 0 slo |
| 015 |
|
|
|a SNBRB2002/08-25957
|
| 035 |
|
|
|a CLN000155077
|
| 040 |
|
|
|a SNKBUCL
|b slo
|c SNKBUCL
|e AACR2
|
| 041 |
0 |
|
|a slo
|
| 044 |
|
|
|a xo
|c SK
|
| 080 |
|
|
|a 362.62(437.6)
|2 UDC-MRF-SK2
|
| 080 |
|
|
|a 368.43/.46(437.6)
|2 UDC-MRF-SK2
|
| 080 |
|
|
|a 331.25(437.6)
|2 UDC-MRF-SK2
|
| 100 |
1 |
|
|a Záthurecká, Eva
|4 aut
|9 848260
|
| 245 |
1 |
0 |
|a Zvýšenie dôchodkov v roku 2002
|c Eva Záthurecká
|
| 648 |
|
7 |
|a 2002
|2 snkbucl
|9 299607
|
| 650 |
0 |
7 |
|a dôchodky
|2 SNKPH
|9 14684
|
| 651 |
|
7 |
|a Slovensko
|2 SNKPHgeo
|9 14231
|
| 655 |
|
7 |
|a články z novín a časopisov
|2 SNK
|9 267496
|
| 773 |
0 |
|
|x 1335-4795
|t Národné poistenie
|g Roč. 34, č. 7 (2002), s. 25-26
|
| 850 |
|
|
|a Slovenská národná knižnica v Martine
|
| 852 |
|
|
|a SNK
|b KIS3GCP
|
| 958 |
|
|
|a RBX
|
| 999 |
|
|
|c 2719916
|d 2721846
|